Kraje Słowacji - nagła śmierć - Statystyki

Ogólne statystyki
  • Ten quiz został rozwiązany 66 razy
  • Średni wynik to 4 z 8
Answers on the Grid
Answers color-coded by a green-red scale on the quiz's grid according to % correct below.
Bratysławski
Trnawski
Trenczyński
Nitrzański
Żyliński
Bańskobystrzycki
Preszowski
Koszycki
Wschodniomorawski
Zakarpacki
Popradzki
Spiski
Orawski
Wysokotatrzański
Południowosłowacki
Dunajski
 
Statystyki odpowiedzi
Odpowiedź % Poprawnych
Koszycki
72%
Bratysławski
67%
Nitrzański
56%
Preszowski
56%
Żyliński
56%
Bańskobystrzycki
50%
Trenczyński
44%
Trnawski
39%
Nie znaleziono quizów pasujących do podanych kryteriów
Rozkład punktacji
Procent ludzi z każdym wynikiem
Percentyl według liczby udzielonych odpowiedzi
Twoja historia wyników
Nie rozwiązałeś tego quizu